[Event "Grand Prix Hamburg 2019"]
[Site "Hamburg"]
[Date "2019.11.07"]
[Round "1.3"]
[White "Yu, Yangyi"]
[Black "Jakovenko, Dmitry"]
[Result "1-0"]
[WhiteElo "2753"]
[BlackElo "2681"]
[Annotator "TA"]
[PlyCount "101"]
[EventDate "2019.11.05"]
[EventType "k.o."]
[EventCountry "GER"]
[SourceTitle "playchess.com"]
[Source "ChessBase"]
[SourceQuality "1"]

{[%evp 12,101,37,19,12,0,0,0,0,0,0,0,0,0,0,0,0,0,0,0,10,0,0,0,0,0,0,0,0,0,63,59,52,55,81,32,189,179,184,176,185,177,181,174,229,236,214,7,213,241,277,270,270,276,274,275,273,259,268,241,338,322,400,402,391,372,422,414,853,850,1016,989,1417,1347,1134,1058,1141,1768,1688,1644,1351,1238,29969,29970,29970,29971,29966,29964,29979,29980,29979,29980]} 1. c4 Nf6 2. Nc3 c5 3. g3 e6 4. Nf3 b6 5. Bg2 Bb7 6. O-O Be7 7. Re1 d5 {A30: Symmetrical English: Double Fianchetto and Hedgehog} 8. d4 dxc4 9. e4 $146 ({Predecessor:} 9. dxc5 Bxc5 10. Qa4+ Nbd7 11. Bg5 O-O 12. Red1 Qc8 13. e3 Bc6 14. Qxc4 Qb7 15. Bxf6 Nxf6 {½-½ (47) Kamsky,G (2723)-Gashimov,V (2717) Sochi 2008}) 9... cxd4 {The position is equal.} 10. Nxd4 O-O 11. e5 Bxg2 12. Kxg2 Nd5 13. Qg4 $1 {aiming for Nxe6!} Kh8 14. Rd1 $1 Na6 15. Nf5 exf5 16. Qxf5 Nab4 {Threatens to win with ...Nd3.} 17. Nxd5 $1 {And now Nf6 would win.} Nd3 18. Nf4 g6 19. Qg4 Nxe5 20. Qe2 Nd3 (20... Qb8 $11) 21. Nxd3 $14 cxd3 22. Rxd3 Qc7 23. Bh6 Rfe8 $2 (23... Rfd8 $14) 24. Qf3 $18 {Hoping for Rc1.} Bf8 {[#]} 25. Rc1 $1 Qe7 26. Re3 Qd7 27. Rd1 $40 {[%mdl 128] White wants a kill.} Qc7 (27... Qb5 {was called for.}) 28. Bxf8 Rxf8 29. Qf6+ Kg8 30. Re7 Qc2 {[#]} 31. Rdd7 $1 {[%csl LRa7,LRf7][%cal Re7f7][%mdl 512]} Qf5 32. Qxf5 gxf5 33. Rxa7 Rxa7 34. Rxa7 {[%mdl 4096] Endgame KR-KR} Rd8 35. Ra6 Rd6 (35... b5 $142 36. Rb6 Rd5) 36. Kf3 Kg7 37. Ke3 Re6+ 38. Kd3 f4 39. a4 {[%cal Ba2a4,Ba4a5,Ba5a6,Ba6a7][%mdl 32]} Rh6 (39... Rd6+ $142 40. Kc3 Rc6+ 41. Kd4 Rh6 42. gxf4 Rd6+ 43. Ke3 Kf8) 40. a5 Rxh2 41. Rxb6 Rxf2 42. gxf4 Rxf4 43. b4 {[%cal Bb2b4,Bb4b5,Bb5b6][%mdl 32]} h5 44. a6 Rf3+ 45. Ke2 Ra3 46. b5 f6 47. Rb7+ {White mates.} Kg6 48. a7 Ra2+ 49. Kd3 h4 50. b6 h3 51. Rb8 {Accuracy: White = 93%, Black = 52%.} 1-0

[Event "Grand Prix Hamburg 2019"]
[Site "Hamburg"]
[Date "2019.11.07"]
[Round "1.3"]
[White "Wojtaszek, Radoslaw"]
[Black "Grischuk, Alexander"]
[Result "1/2-1/2"]
[WhiteElo "2748"]
[BlackElo "2759"]
[Annotator "TA"]
[PlyCount "69"]
[EventDate "2019.11.05"]
[EventType "k.o."]
[EventCountry "GER"]
[SourceTitle "playchess.com"]
[Source "ChessBase"]
[SourceQuality "1"]

{[%evp 9,69,22,13,11,27,20,18,8,24,35,27,13,13,1,4,0,0,0,0,0,0,0,0,-21,0,0,0,0,0,0,0,0,0,0,0,0,0,0,0,0,0,-27,0,-30,17,17,34,-35,31,0,58,47,67,-33,0,-50,4,-31,0,-51,0,-27]} 1. d4 e6 2. c4 b6 3. a3 Bb7 4. Nc3 f5 5. Bf4 (5. d5 Nf6 6. g3 Bd6 7. Bg2 O-O 8. Nf3 a5 9. O-O Na6 10. Nb5 Nc5 11. Nxd6 cxd6 12. Nd4 Qe7 13. Nb5 e5 14. b3 a4 15. b4 Nb3 16. Rb1 Rfc8 17. Rxb3 axb3 18. Qxb3 {0-1 (39) Postny,E (2623)-Lenderman,A (2637) chess.com INT 2019}) 5... Nf6 6. e3 {A40: Unusual replies to 1 d4} Be7 7. Nf3 O-O 8. Be2 Ne4 9. Nxe4 Bxe4 10. h3 d6 11. Bd3 $146 ({Predecessor:} 11. O-O Nd7 12. Rc1 Bf6 {1-0 (33) Cruz Diaz,F (1641)-Darias Darias,L (1799) Tenerife 2015}) 11... Bf6 12. Bxe4 fxe4 13. Nd2 Bxd4 14. Qc2 Nd7 15. Nxe4 {[#] Hoping for Ng5!} Bf6 16. h4 a5 ({Reject} 16... Bxh4 $6 {[#]} 17. Ng5 $1 $16 {[%mdl 512]}) 17. O-O-O Qe8 18. g4 Nc5 19. g5 Be7 20. Bg3 Qc6 21. Nc3 a4 22. Kb1 Rf3 23. Nb5 e5 24. Nc3 Raf8 25. Rd5 Qe8 26. Ne4 Nxe4 27. Qxe4 Qf7 28. Rhd1 (28. Rd3 $14) 28... Qh5 (28... Qf5 $1 $15 29. Qxf5 R8xf5) 29. Qc2 h6 (29... Ra8 $11) 30. gxh6 $14 Qxh6 31. Rh1 ({Better is} 31. Ka1 $14) 31... Ra8 32. Qe4 Raf8 (32... Qh7 $15 33. Qxh7+ Kxh7) 33. Qc2 Ra8 34. Qe4 Raf8 (34... Qh7 $15 35. Qxh7+ Kxh7) 35. Qc2 {Accuracy: White = 51%, Black = 48%.} 1/2-1/2

[Event "Grand Prix Hamburg 2019"]
[Site "Hamburg"]
[Date "2019.11.07"]
[Round "1.3"]
[White "Vitiugov, Nikita"]
[Black "Navara, David"]
[Result "0-1"]
[WhiteElo "2732"]
[BlackElo "2717"]
[Annotator "TA"]
[PlyCount "74"]
[EventDate "2019.11.05"]
[EventType "k.o."]
[EventCountry "GER"]
[SourceTitle "playchess.com"]
[Source "ChessBase"]
[SourceQuality "1"]

{[%evp 11,74,18,6,0,0,-4,13,17,24,17,8,4,35,0,0,-16,-9,-20,-16,-15,-16,-19,44,45,53,31,58,52,55,49,65,63,80,85,90,89,79,89,107,125,128,67,60,74,146,-86,-64,-405,-394,-383,-383,-401,-413,-1443,-1637,-1508,-1441,-1363,-1350,-1079,-1021,-922,-952,-961,-952]} 1. Nf3 Nf6 2. c4 e6 3. g3 d5 4. Bg2 Be7 5. O-O O-O 6. b3 {[%cal Bb2b3,Bb3b4][%mdl 32]} d4 7. Bb2 {A14: English Opening: 1...e6 with b3 by White} (7. e3 c5 8. exd4 cxd4 9. Re1 Nc6 10. Bb2 Bd6 11. Nxd4 Nxd4 12. Bxd4 Bxg3 13. hxg3 Qxd4 14. Nc3 Ng4 15. Qf3 f5 16. Nb5 Qb6 17. Qf4 e5 18. Rxe5 Nxe5 19. Qxe5 {1-0 (37) Artemiev,V (2761)-Korobov,A (2687) Poikovsky 2019}) 7... c5 8. b4 a5 9. bxc5 {The position is equal.} Nc6 10. Na3 e5 11. Nb5 Bg4 $146 ({Predecessor:} 11... Be6 12. Qc2 Nd7 13. Ba3 Bxc5 14. Bxc5 Nxc5 {1-0 (47) Couso,L (2328)-Lissang,C (2273) Stockholm 2015}) 12. d3 Bxc5 13. Rb1 Re8 14. Nd2 Qd7 15. Nb3 Bf8 16. Ba3 Nb4 ({Black should try} 16... Bxa3 $11 17. Nxa3 b6) 17. Qd2 $14 Bh3 18. Nxa5 $1 Bxg2 19. Kxg2 Rxa5 20. Bxb4 Bxb4 21. Rxb4 h5 22. Rb2 Ra6 23. Qg5 Nh7 24. Qh4 g5 25. Qxh5 Kg7 26. Kg1 (26. Qf3 $16) 26... Rh6 $1 {[%cal Rh6h5]} 27. Qf3 Nf6 {[#]} (27... Rh8 $142) 28. e4 $2 {[#]} (28. c5 $1 $16 {is necessary to keep the advantage. Strongly threatening Nd6.} e4 29. dxe4 Nxe4 30. Rd1) 28... Reh8 $1 $36 {[%mdl 2048] Black has some pressure.} 29. Qf5 $2 {[%mdl 8192]} (29. h4 $1 $15) 29... Qxf5 $19 30. exf5 Rxh2 31. Rfb1 e4 32. dxe4 (32. Kf1 $142 exd3 33. Nd6) 32... g4 {Black is clearly winning.} 33. Kf1 d3 34. f3 gxf3 {( -> ...Ng4)} 35. Nd4 Rxb2 36. Rxb2 Rh1+ 37. Kf2 Rh2+ {[%mdl 64] Decoy. Accuracy: White = 46%, Black = 56%.} 0-1

[Event "Grand Prix Hamburg 2019"]
[Site "Hamburg"]
[Date "2019.11.05"]
[Round "1.3"]
[White "Navara, David"]
[Black "Vitiugov, Nikita"]
[Result "1/2-1/2"]
[WhiteElo "2717"]
[BlackElo "2732"]
[Annotator "TA"]
[PlyCount "50"]
[EventDate "2019.11.05"]
[EventType "k.o."]
[EventCountry "GER"]
[SourceTitle "playchess.com"]
[Source "ChessBase"]
[SourceQuality "1"]

{[%evp 26,50,15,9,38,40,33,20,21,29,34,39,45,36,31,33,47,41,37,15,19,11,19,5,5,6,6]} 1. e4 e5 2. Nf3 Nc6 3. Bb5 a6 4. Ba4 Nf6 5. O-O Be7 6. Re1 b5 7. Bb3 O-O 8. c3 d5 9. exd5 Nxd5 10. Nxe5 Nxe5 11. Rxe5 c6 12. d3 Bd6 13. Re1 Bf5 14. Qf3 Qh4 {C89: Closed Ruy Lopez: Marshall Attack} 15. g3 Qh3 16. Be3 Bxd3 ({But not} 16... Nxe3 $6 17. Rxe3 Rac8 18. Nd2 $16) 17. Nd2 Bf5 {[#]} 18. Bxd5 $146 ({Predecessor:} 18. Bd4 Rfe8 19. c4 Bg4 20. Qg2 Qxg2+ 21. Kxg2 Nb4 22. Ne4 {1-0 (36) So,W (2788)-Onischuk,A (2665) Saint Louis 2015}) 18... cxd5 19. Qxd5 Rfd8 20. Qg2 (20. Qf3 {seems wilder.} Bg4 21. Qe4 Bf5 22. Qh1 Rac8 23. Rad1) 20... Qxg2+ 21. Kxg2 b4 22. Bd4 Bf8 {The position is equal.} 23. Nb3 Be6 24. Bb6 Rdb8 25. Ba5 bxc3 {Accuracy: White = 63%, Black = 74%.} 1/2-1/2

[Event "Grand Prix Hamburg 2019"]
[Site "Hamburg"]
[Date "2019.11.07"]
[Round "1.3"]
[White "Dubov, Daniil"]
[Black "Radjabov, Teimour"]
[Result "1/2-1/2"]
[WhiteElo "2699"]
[BlackElo "2758"]
[Annotator "TA"]
[PlyCount "29"]
[EventDate "2019.11.05"]
[EventType "k.o."]
[EventCountry "GER"]
[SourceTitle "playchess.com"]
[Source "ChessBase"]
[SourceQuality "1"]

{[%evp 11,29,0,20,-5,-13,-16,-12,-21,-13,-38,0,0,0,0,0,0,0,0,0,0]} 1. e4 e5 2. Nf3 Nc6 3. Bc4 Bc5 4. d3 Nf6 5. Nc3 h6 6. Be3 Bb6 7. d4 {C50: Hungarian Defence and Giuoco Pianissimo} (7. Nd5 d6 8. c3 O-O 9. Nxb6 axb6 10. Bb3 d5 11. Bc2 Be6 12. O-O Ng4 13. Bd2 f5 14. exf5 Bxf5 15. Re1 {0-1 (33) Yilmaz,M (2468)-Alekseev,E (2700) Rijeka 2010}) 7... exd4 8. Nxd4 O-O 9. O-O Ne5 10. Be2 d5 $146 (10... Re8 {keeps more tension.} 11. h3 d6 12. a3 Ng6 13. Qd3 Qe7) ({Predecessor:} 10... d6 11. f3 Be6 12. Qe1 Nc6 13. Qf2 Nxd4 14. Bxd4 Bxd4 15. Qxd4 c5 {0-1 (55) Souza,V-De Freitas,F Americana 2014}) 11. exd5 {The position is equal.} Nxd5 12. Nxd5 Qxd5 13. Nb5 Qxd1 14. Rfxd1 Bg4 15. Bxg4 1/2-1/2

[Event "Grand Prix Hamburg 2019"]
[Site "Hamburg"]
[Date "2019.11.07"]
[Round "1.4"]
[White "Grischuk, Alexander"]
[Black "Wojtaszek, Radoslaw"]
[Result "1-0"]
[WhiteElo "2759"]
[BlackElo "2748"]
[Annotator "TA"]
[PlyCount "101"]
[EventDate "2019.11.05"]
[EventType "k.o."]
[EventCountry "GER"]
[SourceTitle "playchess.com"]
[Source "ChessBase"]
[SourceQuality "1"]

{[%evp 12,101,-25,-24,-27,-21,-14,-22,24,14,15,4,39,38,37,29,45,45,20,41,34,21,33,22,11,2,14,45,54,0,0,-17,23,-14,-11,0,-29,-104,29,39,33,34,99,29,26,52,60,53,64,39,90,62,98,85,94,83,86,89,107,107,209,194,224,222,246,218,228,236,214,221,253,222,255,263,348,271,255,221,262,165,353,349,439,442,1021,515,502,485,625,627,980,705]} 1. Nf3 Nf6 2. g3 c5 3. Bg2 Nc6 4. O-O e5 5. d3 d5 6. e4 d4 7. a4 Bd6 {A08: King's Indian Attack} 8. Na3 h6 (8... Be6 9. Ng5 Bg4 10. f3 Bh5 11. h4 h6 12. Nh3 Nd7 13. Nf2 g5 14. hxg5 hxg5 15. Bh3 {1-0 (48) Grischuk,A (2775)-Caruana,F (2819) Stavanger 2019}) 9. Nh4 g6 $146 {The position is equal.} ({Predecessor:} 9... Be6 10. Nf5 O-O 11. Nxd6 Qxd6 12. f4 Qe7 13. Bd2 Rad8 14. a5 Bd7 15. Qf3 Bg4 16. Qf2 Be6 17. Qe2 Rc8 18. Rae1 Ra8 19. b3 Rad8 20. h3 {½-½ (20) Tauscher,K (2444)-Leisebein,P (2434) Remote email 2013}) 10. f4 exf4 11. gxf4 Ng4 12. Nf3 g5 13. e5 $1 {[%cal Re5d6]} Be7 14. Qe2 gxf4 15. Bxf4 Rg8 16. Nc4 Be6 $1 17. Kh1 Qd7 18. Nfd2 {Threatens to win with Nd6+.} O-O-O 19. a5 Bd5 20. Ne4 (20. Bxd5 $14 Qxd5+ 21. Qf3) 20... Qe6 $1 $11 {[%cal Rc6e5]} 21. Rae1 Kb8 22. Ncd6 Ne3 23. Bxe3 dxe3 24. Qxe3 {[#]} (24. c4 $1 $11 {keeps the balance.} Bxe4 25. Bxe4 Nxe5 26. Nf5) 24... Nxe5 ({Much worse is} 24... Bxd6 $6 25. exd6 Nd4 26. Rf2 $11) (24... Rxg2 $1 $17 25. Kxg2 Nd4) 25. Nf5 Rg6 26. Re2 Ka8 ({Black should try} 26... Rdg8 $14) 27. Neg3 (27. Nxe7 $16 Qxe7 28. Nxc5 (28. Qxc5 Qe6 $14) 28... Bxg2+ 29. Rxg2) 27... Bxg2+ 28. Rxg2 Bf8 29. a6 bxa6 30. Re1 f6 (30... Nc6 $14) 31. Qe4+ Qd5 32. Rf2 Qb7 33. Qxb7+ Kxb7 34. Ne4 c4 35. d4 {[%mdl 1024] White has strong compensation.} Nc6 (35... Nd7 $16) 36. c3 $18 Kc7 37. Ne3 a5 38. Ref1 a4 39. Nxc4 Be7 40. Ne3 a5 41. Ra1 a3 42. bxa3 a4 43. Rf5 Rb8 44. Nd5+ Kd7 45. Nb4 Nd8 $2 (45... Nxb4 {is a better defense.} 46. cxb4 (46. axb4 Ra8 $16) 46... Rc8 47. Rd5+ Ke8) 46. Ra5 Rg4 47. Re1 {White is clearly winning.} Rb6 (47... f5 $142 48. Rxf5 Rg6) 48. Ra7+ Rb7 49. Rxa4 Ne6 50. Ra6 Rb5 {[#]} 51. Ra7+ {Played: Ra6xe6} 1-0

[Event "Grand Prix Hamburg 2019"]
[Site "Hamburg"]
[Date "2019.11.07"]
[Round "1.4"]
[White "Radjabov, Teimour"]
[Black "Dubov, Daniil"]
[Result "1/2-1/2"]
[WhiteElo "2758"]
[BlackElo "2699"]
[Annotator "ChessBase"]
[PlyCount "147"]
[EventDate "2019.11.05"]
[EventType "k.o."]
[EventCountry "GER"]
[SourceTitle "playchess.com"]
[Source "ChessBase"]
[SourceQuality "1"]
[TimeControl "1500+10"]

1. e4 c5 2. Nf3 Nc6 3. Bb5 g6 4. Bxc6 bxc6 5. O-O Bg7 6. Re1 Qc7 7. c3 d6 8. h3 Nf6 9. d4 cxd4 10. cxd4 O-O 11. Nc3 Rd8 12. Bf4 Nh5 13. Bh2 Qb6 14. Qc2 Rb8 15. b3 Qa5 16. Rad1 Nf6 17. Qd2 Nd7 18. e5 Nb6 19. exd6 exd6 20. Bxd6 Ra8 21. Bc7 Rf8 22. Ne5 Bb7 23. Bd6 Rfe8 24. b4 Qa6 25. Ne4 Na4 26. Nd7 Rxe4 27. Rxe4 c5 28. Qe3 Bxe4 29. Qxe4 Rc8 30. bxc5 Nc3 31. Qd3 Ne2+ 32. Kf1 Qxd3 33. Rxd3 Nxd4 34. Nb8 h5 35. Na6 Kh7 36. g3 g5 37. Nb4 g4 38. hxg4 hxg4 39. Nd5 Rc6 40. Kg2 Ra6 41. Rd1 Rxa2 42. Rh1+ Kg6 43. Nf4+ Kf5 44. Rh7 Bf6 45. Rxf7 Nf3 46. Be7 Ra1 47. Rxf6+ Ke4 48. Ne2 Ne1+ 49. Kh2 Nf3+ 50. Rxf3 Kxf3 51. Nc3 Kxf2 52. Bg5 Ra3 53. Bd2 Ra6 54. Bf4 Kf3 55. Nb5 Ra2+ 56. Kg1 Ra1+ 57. Kh2 Ra2+ 58. Kg1 Ra1+ 59. Kh2 Ra5 60. Nd4+ Ke4 61. Nb3 Rb5 62. Nd2+ Kd5 63. Nf1 a5 64. Ne3+ Kxc5 65. Nxg4 a4 66. Bg5 Kc4 67. Be7 Rb7 68. Bf8 Kb3 69. Kg2 Rb8 70. Bd6 Rb6 71. Bf8 Rb4 72. Ne5 a3 73. Nd3 Rb8 74. Bxa3 1/2-1/2

[Event "Grand Prix Hamburg 2019"]
[Site "Hamburg"]
[Date "2019.11.05"]
[Round "1.4"]
[White "Wojtaszek, Radoslaw"]
[Black "Grischuk, Alexander"]
[Result "1/2-1/2"]
[WhiteElo "2748"]
[BlackElo "2759"]
[Annotator "RC"]
[PlyCount "92"]
[EventDate "2019.11.05"]
[EventType "k.o."]
[EventCountry "GER"]
[SourceTitle "playchess.com"]
[Source "ChessBase"]
[SourceQuality "1"]
[TimeControl "40/5400+30:1800+30"]

1. d4 Nf6 2. c4 e6 3. Nf3 d5 4. g3 Be7 5. Bg2 O-O 6. O-O dxc4 7. Qc2 a6 8. a4 c5 9. dxc5 Bxc5 10. Bf4 Nc6 11. Nbd2 Nd5 12. Nxc4 Qe7 13. Bd2 Bd7 14. Ng5 f5 15. Nf3 Ncb4 16. Qd1 f4 17. Nce5 Be8 18. Rc1 a5 19. Rc4 b5 20. axb5 Bxb5 21. Re4 Rad8 22. Qc1 fxg3 23. hxg3 Nf6 24. Bg5 Qc7 25. Bxf6 gxf6 26. Ng4 Rc8 27. Kh1 Qg7 28. Nh6+ Kh8 29. Qf4 Bd7 30. g4 Nd5 31. Qh2 Rb8 32. g5 fxg5 33. Nf7+ Qxf7 34. Nxg5 Qg6 35. Nxh7 Qxh7 36. Rh4 Qxh4 37. Qxh4+ Kg7 38. Be4 Kf7 39. Rg1 Nf6 40. Qh6 Ke7 41. Rg7+ Kd8 42. Qd2 Bb4 43. Qd4 Rc8 44. Qb6+ Rc7 45. Qb8+ Rc8 46. Qb6+ Rc7 1/2-1/2

[Event "Grand Prix Hamburg 2019"]
[Site "Hamburg"]
[Date "2019.11.07"]
[Round "1.4"]
[White "Navara, David"]
[Black "Vitiugov, Nikita"]
[Result "1-0"]
[WhiteElo "2717"]
[BlackElo "2732"]
[Annotator "TA"]
[PlyCount "61"]
[EventDate "2019.11.05"]
[EventType "k.o."]
[EventCountry "GER"]
[SourceTitle "playchess.com"]
[Source "ChessBase"]
[SourceQuality "1"]

{[%evp 23,61,54,57,25,27,20,45,43,57,59,104,103,141,168,272,134,134,133,132,112,261,129,132,95,95,61,70,69,217,213,551,551,674,682,764,758,758,757,756,756]} 1. d4 f5 2. Nf3 Nf6 3. c4 g6 4. g3 Bg7 5. Bg2 O-O 6. O-O d6 7. Nc3 Nc6 8. d5 Ne5 9. Nxe5 dxe5 10. c5 Kh8 11. Qb3 h6 12. Rd1 g5 13. a4 {A89: Dutch Defence: Leningrad System: 5 Nf3 0-0 6 0-0 d6 7 Nc3 Nc6} (13. Bd2 a6 14. Na4 Qe8 15. Ba5 Bd7 16. Nc3 Qc8 17. Rac1 f4 18. d6 Bc6 19. dxe7 Re8 20. Nd5 Nxd5 21. Bxd5 Bxd5 22. Qxd5 Rxe7 {1-0 (31) Buhmann,R (2589)-Lagarde,M (2591) Berlin 2018}) 13... a6 14. a5 Qe8 15. d6 {White is slightly better.} exd6 16. cxd6 cxd6 17. Rxd6 Qh5 18. Nd5 $146 ({Predecessor:} 18. h3 Rb8 19. Qd1 f4 20. g4 Bxg4 21. hxg4 Nxg4 {0-1 (30) Haves,R-Noetzel,F Germany 1988}) 18... Ne4 (18... Nxd5 $142 19. Bf3 Qh3 20. Qxd5 (20. Bxd5 f4 $16) 20... e4) 19. Bf3 (19. Bxe4 $1 $18 {is the precise move to win.} fxe4 20. Ne7) 19... Qf7 $16 20. Bxe4 $1 fxe4 21. Qb6 Qh5 (21... Bf5 $16 {was worth a try.}) 22. Bd2 (22. Ne7 $18 {is more deadly.}) 22... Bg4 23. Bc3 {Threatens to win with Bxe5!} ({Don't take} 23. Qxb7 $6 Rab8 $11) 23... Rae8 24. Nf6 Rxf6 25. Rxf6 Bxe2 (25... Bxf6 $14 26. Qxf6+ {[%mdl 64] Double Attack} Kh7) 26. Re6 $18 Kh7 $2 {[#]} (26... Rxe6 27. Qxe6 e3) 27. Bxe5 $1 {[%mdl 512] White is clearly winning.} Bxe5 28. Qxb7+ Kh8 {[#]} 29. Rxe8+ $1 Qxe8 30. Qxe4 Qb5 31. Re1 {Accuracy: White = 38%, Black = 21%.} 1-0

[Event "Grand Prix Hamburg 2019"]
[Site "Hamburg"]
[Date "2019.11.07"]
[Round "1.4"]
[White "Jakovenko, Dmitry"]
[Black "Yu, Yangyi"]
[Result "1/2-1/2"]
[WhiteElo "2681"]
[BlackElo "2753"]
[Annotator "ChessBase"]
[PlyCount "128"]
[EventDate "2019.11.05"]
[EventType "k.o."]
[EventCountry "GER"]
[SourceTitle "playchess.com"]
[Source "ChessBase"]
[SourceQuality "1"]
[TimeControl "1500+10"]

1. c4 g6 2. e4 e5 3. d4 Nf6 4. Nf3 exd4 5. e5 Nh5 6. Qxd4 Nc6 7. Qe4 Bb4+ 8. Nc3 O-O 9. Bg5 f6 10. Qd5+ Kh8 11. exf6 Nxf6 12. Qd3 d6 13. Be2 Bf5 14. Qd1 Qd7 15. O-O Bxc3 16. bxc3 Qg7 17. Qc1 Rfe8 18. Bh6 Qg8 19. Re1 Ng4 20. Bg5 Qg7 21. Nd4 Nxd4 22. cxd4 Qxd4 23. Bxg4 Bxg4 24. Be3 Qf6 25. c5 Kg8 26. h3 Bd7 27. cxd6 cxd6 28. Qc4+ Qf7 29. Qd4 Bc6 30. Rad1 Re6 31. Bd2 Qf6 32. Qc4 d5 33. Qb3 Rae8 34. Be3 h5 35. Rd4 Re4 36. Red1 Kh7 37. Qb4 a6 38. Rxe4 Rxe4 39. Bd4 Qe7 40. Qc3 Bb5 41. Bf6 Qf7 42. Bd4 Re2 43. a3 Re4 44. Qc8 Re8 45. Qc5 Qe7 46. Qc3 Qe2 47. Rc1 Bc6 48. Be3 Re4 49. Kh2 d4 50. Bxd4 Qb5 51. Bc5 Re2 52. Qf6 Qb3 53. Bd4 Qg8 54. Rc5 Re6 55. Qf4 Qe8 56. Be3 Qe7 57. Kg1 Qf6 58. Qh6+ Kg8 59. Rg5 Qg7 60. Qxg7+ Kxg7 61. Rc5 Kf7 62. Kh2 Re4 63. Rc3 Ke6 64. f3 Re5 1/2-1/2

[Event "Grand Prix Hamburg 2019"]
[Site "Hamburg"]
[Date "2019.11.07"]
[Round "1.5"]
[White "Radjabov, Teimour"]
[Black "Dubov, Daniil"]
[Result "1/2-1/2"]
[WhiteElo "2758"]
[BlackElo "2699"]
[Annotator "TA"]
[PlyCount "123"]
[EventDate "2019.11.05"]
[EventType "k.o."]
[EventCountry "GER"]
[SourceTitle "playchess.com"]
[Source "ChessBase"]
[SourceQuality "1"]

{[%evp 19,123,0,16,8,12,0,8,13,27,11,21,5,24,15,15,3,10,10,29,24,45,34,47,-13,6,14,22,0,0,0,7,7,26,30,32,26,24,26,22,28,35,14,37,26,48,6,56,31,45,14,38,24,29,14,70,25,26,6,66,61,88,62,106,94,203,222,169,49,62,45,143,161,148,149,145,152,151,168,164,70,93,66,145,58,64,50,64,0,172,174,183,108,142,0,0,0,42,26,92,0,0,0,85,0,0,0]} 1. e4 e5 2. Nf3 Nc6 3. Bc4 Bc5 4. d3 d6 5. c3 Nf6 6. Nbd2 Bb6 7. Bb3 O-O 8. Nc4 Ne7 9. h3 Ng6 10. O-O h6 11. Re1 {C54: Giuoco Piano: 4 c3 Nf6, main lines with 5 d4 and 5 d3} (11. a4 c6 12. Nxb6 Qxb6 13. Be3 Qc7 14. a5 d5 15. exd5 Nxd5 16. Bc5 Re8 17. Re1 Bf5 18. Bc2 b6 19. axb6 axb6 20. Rxa8 Rxa8 {1-0 (45) Antipov,M (2569)-Alekseev,E (2642) Berlin 2015}) 11... Re8 12. Nxb6 axb6 13. Bc2 Nh7 14. Be3 $146 ({Predecessor:} 14. Nh2 Qf6 15. Ng4 Bxg4 16. Qxg4 {½-½ (31) Gao,R (2427)-Kuderinov,K (2493) Ho Chi Minh City 2012}) 14... Qf6 15. Nh2 Qh4 16. Qf3 Ng5 17. Qg3 Qxg3 18. fxg3 Be6 19. a3 Rad8 20. Nf3 f6 21. c4 (21. d4 $14) 21... Nf8 22. Nd2 Ra8 23. g4 Bd7 24. Nb1 Nfe6 25. Nc3 Nf7 26. b4 Nfd8 27. Reb1 Nc6 28. a4 Ncd4 29. Bd1 Ra6 30. Ra2 Rea8 31. Rba1 Kf7 32. Kh2 Kg8 33. Kg3 Kf7 34. Kf2 Kg8 35. Ke1 Kf7 36. Kd2 Kg8 (36... Ke7 $11) 37. Kc1 Kf7 38. Kb1 Kg8 (38... c6 $11) 39. Nd5 $14 R6a7 40. g3 Kh8 41. h4 Be8 (41... Bc6 $16 {is a better defense.}) 42. Bxd4 $18 exd4 {[#]} 43. Bb3 (43. g5 $1 $18 {[%mdl 512]}) 43... Bd7 44. Rf2 b5 ({Wrong is} 44... Bxa4 $2 45. Rfa2 $18) (44... Bc6 $14) 45. a5 $16 bxc4 46. Bxc4 b6 {[%cal Rb6a5]} 47. Rfa2 b5 48. Bb3 Nd8 49. g5 (49. Rc2 $1 $18) 49... fxg5 50. hxg5 Nc6 {[#]} (50... Be6 $1 $14) 51. gxh6 ({White should try} 51. Rc2 $1 $16) 51... Ne5 $14 52. hxg7+ Kxg7 53. Nf4 ({White should play} 53. Rh2 $14) 53... c5 $2 (53... Nc6 $1 $11 {and Black is okay.}) 54. Bd5 $18 Rh8 {[#]} 55. Rc2 (55. Kb2 $1 $18) 55... c4 56. Kb2 (56. Raa2 $16) 56... cxd3 $11 57. Rf2 Rc8 58. Rh1 {Black must now prevent Rfh2.} Rac7 (58... Rc4 $1 $11 {remains equal.}) 59. Nh5+ (59. Kb1 $16) 59... Kg6 60. Nf4+ (60. Bb3 $11) 60... Kg7 $16 61. Nh5+ (61. Kb1 $16) 61... Kg6 $11 62. Nf4+ {Accuracy: White = 38%, Black = 22%.} 1/2-1/2

[Event "Grand Prix Hamburg 2019"]
[Site "Hamburg"]
[Date "2019.11.05"]
[Round "1.5"]
[White "Radjabov, Teimour"]
[Black "Dubov, Daniil"]
[Result "1/2-1/2"]
[WhiteElo "2758"]
[BlackElo "2699"]
[Annotator "TA"]
[PlyCount "28"]
[EventDate "2019.11.05"]
[EventType "k.o."]
[EventCountry "GER"]
[SourceTitle "playchess.com"]
[Source "ChessBase"]
[SourceQuality "1"]

{[%evp 11,23,16,12,14,35,23,22,26,40,32,27,33,10,27]} 1. e4 e5 2. Nf3 Nc6 3. Bc4 Bc5 4. O-O Nf6 5. d3 d6 6. c3 a6 7. a4 {C54: Giuoco Piano: 4 c3 Nf6, main lines with 5 d4 and 5 d3} Ba7 8. Re1 h6 9. Nbd2 g5 10. Nf1 g4 11. N3d2 h5 12. Nb3 {Predecessor:} g3 $146 13. Nxg3 Bg4 14. Qc2 h4 {0-1 (45) Oparin,G (2605)-Matlakov,M (2730) Sochi 2017} 1/2-1/2